000 00804nam a2200241 a 4500
001 000024021
005 20200930022642.0
008 110118s199u mx 000 0 spa d
020 _a9706513361
040 _aDO-SdBNP
_bspa
_cBNPHU
082 _a185
_bA717o
100 1 _aAristóteles,
_d384-322 a.c.
_949361
245 1 0 _aObras filosóficas /
_cAristóteles ; estudio preliminar Francisco Romero.
260 _aMéxico :
_bOcéano
_bConaculta,
_c[199-?].
300 _axxxiv, 379 p. ;
_c21 cm.
490 1 _aBiblioteca universal
504 _aIncluye referencias bibliográficas y notas al pie de las páginas
600 1 4 _aARISTÓTELES
_y384-322 a.c.
_943695
650 4 _aFilosofía griega
_915215
700 1 _aRomero, Francisco
_940242
830 0 _aBiblioteca universal
_92855
049 _aBNPD
999 _c23516
_d23516